000 00283nam a22001337a 4500
008 180926b xxu||||| |||| 00| 0 eng d
020 _a9780521401074
041 _aeng
080 _a700
100 _a44
101 _aART
245 _aSpanish Painting
_cBrown,J
942 _2udc
_cBK
999 _c48486
_d48486